Szent-Györgyi professzor előadása Luzernben [rövid hírek]
Elmentve itt :
| Dokumentumtípus: | Cikk |
|---|---|
| Megjelent: |
1936-09-04
|
| Sorozat: | Délmagyarország
12 No. 209 |
| Kulcsszavak: | Szent-Györgyi Albert, Luzern, Orvostudomány |
| Online Access: | http://dmarchiv.bibl.u-szeged.hu/32901 |
| LEADER | 00467nab a2200145 i 4500 | ||
|---|---|---|---|
| 001 | delm32901 | ||
| 005 | 20180927105631.0 | ||
| 008 | 180927s1936 hu o 0|| hun d | ||
| 040 | |a SZTE Délmagyarország Archívum |b hun | ||
| 041 | |a hun | ||
| 245 | 0 | 0 | |a Szent-Györgyi professzor előadása Luzernben |h [elektronikus dokumentum] : |b [rövid hírek] |
| 260 | |c 1936-09-04 | ||
| 300 | |a 5 | ||
| 490 | 0 | |a Délmagyarország |v 12 No. 209 | |
| 695 | |a Szent-Györgyi Albert, Luzern, Orvostudomány | ||